书目信息 |
| 题名: |
微机原理与接口技术
|
|
| 作者: | 周佩玲 , 彭虎 , 傅忠谦 编著 | |
| 分册: | ||
| 出版信息: | 北京 电子工业出版社 2005.4 |
|
| 页数: | XIII,321页 | |
| 开本: | 26cm | |
| 丛书名: | 21世纪大学计算机系列教材 | |
| 单 册: | ||
| 中图分类: | TP36-43 , TP364.7-43 | |
| 科图分类: | ||
| 主题词: | 微型计算机--wei xing ji suan ji--高等学校--教材 , 微型计算机--wei xing ji suan ji--接口设备--高等学校--教材 , 微型计算机--wei xing ji suan ji , 接口设备--jie kou she bei | |
| 电子资源: | ||
| ISBN: | 7-121-01085-2 | |
| 000 | 01417nam0 2200397 450 | |
| 000 | 01436nam0 2200397 450 | |
| 000 | 01399nam0 2200385 450 | |
| 000 | 01356nam0 2200373 450 | |
| 000 | 01345nam0 2200373 450 | |
| 000 | 01308nam0 2200361 45 | |
| 001 | 012005000794 | |
| 005 | 20051214161408.24 | |
| 010 | @a7-121-01085-2@dCNY27.50 | |
| 100 | @a20050706d2005 em y0chiy0121 ea | |
| 101 | 0 | @achi |
| 102 | @aCN@b110000 | |
| 105 | @af z 000yy | |
| 200 | 1 | @a微机原理与接口技术@Awei ji yuan li yu jie kou ji shu@e基于16位机@f周佩玲,彭虎,傅忠谦编著 |
| 210 | @a北京@c电子工业出版社@d2005.4 | |
| 215 | @aXIII,321页@c图@d26cm | |
| 225 | 2 | @a21世纪大学计算机系列教材@A21 shi ji da xue ji suan ji xi lie jiao cai |
| 320 | @a有书目 | |
| 330 | @a本书介绍了信息在计算机中的存储形式、数制及相互转换、二进制数的算术和逻辑运算等基础知识。 | |
| 333 | @a阅读对象:高等院校相关专业师生等 | |
| 461 | 0 | @12001 @a21世纪大学计算机系列教材 |
| 606 | 0 | @a微型计算机@Awei xing ji suan ji@x高等学校@j教材 |
| 606 | 0 | @a微型计算机@Awei xing ji suan ji@x接口设备@x高等学校@j教材 |
| 606 | 0 | @a微型计算机@Awei xing ji suan ji |
| 606 | 0 | @a接口设备@Ajie kou she bei |
| 690 | @aTP36-43@v4 | |
| 690 | @aTP364.7-43@v4 | |
| 701 | 0 | @a周佩玲@Azhou pei ling@4编著 |
| 701 | 0 | @a彭虎@Apeng hu@4编著 |
| 701 | 0 | @a傅忠谦@Afu zhong qian@4编著 |
| 801 | 0 | @aCN@bSRXX@c20051214 |
| 905 | @a10447@dTP36-43@eZ780 | |
| 微机原理与接口技术:基于16位机/周佩玲,彭虎,傅忠谦编著.-北京:电子工业出版社,2005.4 |
| XIII,321页:图;26cm.-(21世纪大学计算机系列教材) |
| 使用对象:阅读对象:高等院校相关专业师生等 |
| ISBN 7-121-01085-2:CNY27.50 |
| 本书介绍了信息在计算机中的存储形式、数制及相互转换、二进制数的算术和逻辑运算等基础知识。 |
| ● |
| 相关链接 |
|
|
|
正题名:微机原理与接口技术
索取号:TP36-43/Z780
 
预约/预借
| 序号 | 登录号 | 条形码 | 馆藏地/架位号 | 状态 | 备注 |
| 1 | 547482 | 205474823 | 自科库301/301自科库 62排1列5层/ [索取号:TP36-43/Z780] | 在馆 | |
| 2 | 547483 | 205474832 | 自科库301/404自科库 18排1列1层/ [索取号:TP36-43/Z780] | 在馆 | |
| 3 | 547484 | 205474841 | 自科库301/301自科库 62排1列5层/ [索取号:TP36-43/Z780] | 在馆 |